| 000 | 00653cam a22002052 4500 | ||
|---|---|---|---|
| 001 | 0000023393 | ||
| 005 | 20151021151145.0 | ||
| 008 | 121120s xx 000 0 eng d | ||
| 040 |
_aKABU _cKABU |
||
| 100 | 1 |
_aSimiyu, Nicholas T. T. _@0000161068 |
|
| 245 | 1 | 0 |
_aAuditing 1 : _bprinciples and concepts / _cNicholas T. T. Simiyu. |
| 250 | _a2nd ed. | ||
| 260 |
_aNairobi : _bFIP, _c2011. |
||
| 300 | _aviii, 196 p. | ||
| 650 | 0 |
_aAuditing. _@0000151729 |
|
| 852 | 1 | _9p650 KES | |
| 852 | 1 | _9p650 KES | |
| 908 | _a121120 | ||
| 950 | _@1 | ||
| 999 |
_c1322 _d1322 |
||